| LEADER | 01118nam a2200361 4500 | ||
|---|---|---|---|
| 001 | 000006888 | ||
| 003 | 3048 | ||
| 005 | 20120517160551.0 | ||
| 008 | 110922s1980 viesd | ||
| 020 | |c 8500đ | ||
| 041 | 0 | |a vie | |
| 082 | |a 838 |b RA-I | ||
| 100 | 1 | |a Radunxkaia Irina | |
| 245 | 0 | |a Ácxen Béc con người của thế kỷ 20 |c Radunxkaia Irina ; Dương Linh dịch | |
| 260 | |a H. |b Thanh niên |c 1980 | ||
| 300 | |a 336 tr |c 19 cm | ||
| 653 | |a Ácxen Béc | ||
| 653 | |a Tạp văn | ||
| 653 | |a Đức | ||
| 653 | |a Con người | ||
| 653 | |a thế kỷ 20 | ||
| 700 | |a Dương Linh |e dịch | ||
| 910 | |a Nguyễn Thị Kim Oanh |d 22/09/2011 | ||
| OWN | |a LSP | ||
| AVA | |a UDN50 |b LSP |d 838 RA-I |e available |t Error 5001 Not defined in file expand_doc_bib_avail. |f 2 |g 1 |h N |i 0 |k 1 | ||
| 999 | |a From the UDN01 | ||
| AVA | |a UDN50 |b LSP |d 838 RA-I |e available |t Error 5001 Not defined in file expand_doc_bib_avail. |f 2 |g 1 |h N |i 0 |k 1 | ||
| TYP | |a Monograph | ||
| TYP | |a Printed language | ||
| 980 | |a Mạng thư viện Đại học Đà Nẵng | ||